000 00561nam a2200193Ia 4500
005 20250508153251.0
008 008 250505s9999 xx 000 0 eng d
037 _aTextual
040 _aFEDL
_beng
_cFEDL
041 _aeng
_2eng
084 _a082, BAU
_qFEDL
100 _aBaughman M. Dale
_9761549
245 0 _aEducator's handbook of stories, quotes and humor
260 _aEnglewood Cliffs, New Jersey, USA
_bPrentice - Hall
_c1963
300 _axii,340p
365 _aINR
_b31.25
942 _cTEXL
_h082, BAU
999 _c1341628
_d1341628